000 00586nam a2200241 a 4500
001 nice12345678
003 IN_TiNIC
005 20260116011655.0
008 050524s1979 mada grp 000 0 eng
020 _a
_c15
082 0 0 _a294.6
_bWEB
100 _aWebster, John C B
245 _aNirankari Slikhs
260 _aMadras
_bChristian Institue of Sikh Studies
_c1979
300 _a104p
500 _aincludes index and biblioraphy
505 2 _aappendix
650 _aSikhism-Nirankari
700 1 _aWebster, John C B
902 _bSRS
942 _cBK
999 _c3310
_d3310